Statistiques concernant Trouvez le club grâce aux indices

Cliquez ici pour prendre le quiz!

Statistiques générales

  • Ce quiz a été pris 154 fois
  • Le résultat moyen est 14 sur 20

Statistiques - réponses

PaysCouleursÉquipementierIndice supplémentaireRéponse% Correct
🇮🇹⬛️⬜️Adidas👵Juventus
98%
🇫🇷🟨🟩Macron🐥FC Nantes
90%
🇫🇷🟥⬜️New Balance🐶LOSC
89%
🇫🇷⬜️🟦🟥Adidas🦁Olympique Lyonnais
83%
🇫🇷🟦🟥Nike⚜️PSG
83%
🇮🇹🟪🟪Kappa⚜️Fiorentina
81%
🏴󠁧󠁢󠁳󠁣󠁴󠁿🟩⬜️Adidas☘️Celtic
77%
🇦🇷🟦🟨AdidasCABJBoca Juniors
76%
🇮🇹⬛️🟥Puma🏴󠁧󠁢󠁥󠁮󠁧󠁿AC Milan
75%
🇲🇨🟥⬜️Kappa👑AS Monaco
73%
🇪🇸🟥⬜️Nike🐻🌳Atlético de Madrid
70%
🏴󠁧󠁢󠁥󠁮󠁧󠁿🟦⬜️Nike🦁Chelsea
62%
🏴󠁧󠁢󠁥󠁮󠁧󠁿🟦⬜️Adidas🦊Leicester City
62%
🇹🇷⬛️⬜️Adidas🦅Beşiktaş
57%
🇺🇸⬜️🟦🟨Adidas🌌Los Angeles Galaxy
55%
🇪🇸⬜️⬛️Puma🦇Valence FC
53%
🇮🇹⬛️🟧🟩Kappa🎭Venise FC
51%
🇩🇪⬛️🟥⬜️Nike🦅Eintracht Francfort
41%
🇩🇪⬜️🟥Nike🐂RB Leipzig
40%
🏴󠁧󠁢󠁥󠁮󠁧󠁿🟥⬜️Macron🌳Nottingham Forest
39%

Distribution des résultats

Percentile par nombre de réponses

% des personnes avec chaque résultat

Votre développement - résultats

Vous n’avez pas pris ce quiz